| 000 | 00387nam a2200145 a 4500 | ||
|---|---|---|---|
| 001 | 5361 | ||
| 003 | CDMR | ||
| 005 | 20130116135307.0 | ||
| 008 | 130130s1992||||||||||||||||||||||||||||d | ||
| 040 |
_aCDMR _bcat _cCPC GIRONA |
||
| 245 | 0 | _aNoves recerques i estudis sobre periodisme antic | |
| 260 |
_c1992 _bSocietat Catalana de Comunicació |
||
| 490 | 0 |
_aPeriodística _v5 _92736 |
|
| 942 | _cMON | ||
| 999 |
_c5361 _d5361 |
||